Bioremediation principles

Shranjeno v:
Bibliografske podrobnosti
Main Authors: Eweis, Juana B (Author), Ergas, Sarina J (Author), Chang, Daniel P. Y (Author), Schroeder, Edward D (Author)
Format: Knjiga
Jezik:angleščina
Izdano: Boston McGraw-Hill 1998
Izdaja:1a. ed
Serija:McGraw-Hill Series in Water Resources and Environmental Engineering
Teme:
Oznake: Označite
Brez oznak, prvi označite!

MARC

LEADER 00000nam a2200000 a 4500
001 UCJ0771
003 CL-VaPUC
008 060908e19980000US |||||||||||||||||eng|d
020 |a 0070577323 
082 0 4 |a 628.5  |b EWE  |2 21 
100 0 |a Eweis, Juana B  |e author  |9 501106 
700 0 |a Ergas, Sarina J  |e author  |9 501107 
700 0 |a Chang, Daniel P. Y  |e author  |9 501108 
700 0 |a Schroeder, Edward D  |e author  |9 501109 
245 1 0 |a Bioremediation principles 
250 |a 1a. ed 
300 |a 296 p 
942 |c BK 
945 |d 20060908 00:00:00  |a cmena 
260 |a Boston  |b McGraw-Hill  |c 1998 
650 7 |a BIOREMEDIACION  |2 CL-VaPUC  |9 501110 
650 7 |a MEJORAMIENTO DEL SUELO  |2 CL-VaPUC  |9 463632 
650 0 |a Aguas subterráneas  |9 260378 
650 0 |a Purificación del agua   |9 324890 
583 |a last modification  |c 20140408 11:45:22  |k Rodrigo Vera 
490 0 |a McGraw-Hill Series in Water Resources and Environmental Engineering 
999 |c 317526  |d 317524 
952 |0 0  |1 0  |4 0  |6 628_500000000000000_EWE_1998  |7 0  |8 A  |9 393985  |a BIBAGR  |b BIBAGR  |d 2019-11-22  |i 4268741  |o 628.5 EWE 1998  |p 4268741  |r 2025-01-20  |w 2019-11-22  |y BK  |k AGR